|
|
|
|
| LEADER |
00000nas a2200000 a 4500 |
| 001 |
ssj0000070728 |
| 003 |
WaSeSS |
| 005 |
20200512172242.0 |
| 006 |
m d |
| 007 |
cr n |
| 008 |
100201c20109999nyu x pss 0 a0eng c |
| 010 |
|
|
|a 2010263160
|
| 016 |
7 |
|
|a 2573563-9
|2 DE-600
|
| 016 |
7 |
|
|a 101526296
|2 DNLM
|
| 016 |
7 |
|
|a 018990146
|2 Uk
|
| 022 |
|
|
|a 2090-0732
|l 2090-0724
|y 2090-0724
|
| 035 |
|
|
|a (WaSeSS)ssj0000070728
|
| 037 |
|
|
|b Hindawi Publishing Corporation, 410 Park Avenue, 15th Floor, #287 pmb, New York, NY 10022
|
| 040 |
|
|
|a FQM
|b eng
|e pn
|c FQM
|d TXA
|d OCLCQ
|d HEBIS
|d OCLCQ
|d NLM
|d OCLCQ
|d OCLCF
|d OCLCO
|d EUW
|d OCLCO
|d OCLCQ
|d OCLCO
|d DLC
|d UKMGB
|d WaSeSS
|
| 042 |
|
|
|a pcc
|
| 050 |
0 |
0 |
|a QP141
|
| 050 |
1 |
4 |
|a QP141.A1
|b J687
|
| 060 |
1 |
0 |
|a W1
|
| 210 |
1 |
0 |
|a J Nutr Metab
|2 dnlm
|
| 245 |
0 |
0 |
|a Journal of nutrition and metabolism
|h [electronic resource].
|
| 246 |
3 |
0 |
|a JNUME
|
| 260 |
|
|
|a New York, NY :
|b Hindawi Pub. Corp.,
|c [2010]-
|
| 310 |
|
|
|a Irregular
|
| 362 |
1 |
|
|a Began with: Vol. 2010 (2010).
|
| 506 |
|
|
|a License restrictions may limit access.
|
| 515 |
|
|
|a Volume numbering corrresponds to a calendar year; articles are provided with Hindawi ID numbers but no specific publication date is indicated other than volume and year.
|
| 538 |
|
|
|a Mode of access: World Wide Web.
|
| 588 |
|
|
|a Description based on: Vol. 2010, Article ID 651063 (2010); title from PDF article running title (Hindawi site, viewed Feb. 15, 2010).
|
| 588 |
|
|
|a Latest issue consulted: Vol. 2016 (2016) (viewed June 6, 2016, Hindawi site).
|
| 650 |
|
0 |
|a Nutrition
|v Periodicals.
|
| 650 |
|
0 |
|a Metabolism
|v Periodicals.
|
| 650 |
|
0 |
|a Diet in disease
|v Periodicals.
|
| 650 |
1 |
2 |
|a Metabolic Diseases.
|
| 650 |
2 |
2 |
|a Metabolism.
|
| 650 |
2 |
2 |
|a Nutrition Disorders.
|
| 650 |
2 |
2 |
|a Nutritional Sciences.
|
| 650 |
|
7 |
|a Diet in disease.
|2 fast
|0 (OCoLC)fst00893314
|
| 650 |
|
7 |
|a Metabolism.
|2 fast
|0 (OCoLC)fst01017473
|
| 650 |
|
7 |
|a Nutrition.
|2 fast
|0 (OCoLC)fst01042187
|
| 655 |
|
0 |
|a Electronic journals.
|
| 776 |
0 |
8 |
|i Also issued in a print ed. to online subscribers:
|t Journal of nutrition and metabolism
|x 2090-0724
|
| 856 |
4 |
0 |
|z Full text available from Research Library: 01/01/2014 to present
|u https://search.proquest.com/publication/2037500
|